Štrukturálne zmeny a produktivita v poľnohospodárstve

Transformačný proces v poľnohospodárskej výrobe. Štrukturálne zmeny na Slovensku. Produktivita poľnohospodárstva. Mzdová nákladovosť je podmienená vývojom priemerných miezd a produktivity práce. Faktory mzdovej nákladovosti v agrárnom sektore SR v posledných rokoch.

Salvato in:
Dettagli Bibliografici
Autore principale: Grznár, Miroslav
Natura: Capitolo di libro
Lingua:slovacco
Soggetti:
Tags: Aggiungi Tag
Nessun Tag, puoi essere il primo ad aggiungerne!!

MARC

LEADER 00000naa a2200000 4500
001 r038921
005 20230922111727.8
041 0 |a slo 
044 |a SK 
245 1 0 |a Štrukturálne zmeny a produktivita v poľnohospodárstve  |c M. Grznár 
520 |a Transformačný proces v poľnohospodárskej výrobe. Štrukturálne zmeny na Slovensku. Produktivita poľnohospodárstva. Mzdová nákladovosť je podmienená vývojom priemerných miezd a produktivity práce. Faktory mzdovej nákladovosti v agrárnom sektore SR v posledných rokoch. 
610 2 0 |a zmeny štruktúrne 
610 2 0 |a poľnohospodárstvo 
610 2 0 |a produktivita 
610 2 0 |a výkonnosť 
610 2 0 |a hodnota pridaná 
610 2 0 |a zamestnanosť 
610 2 0 |a spoločnosti obchodné 
610 2 0 |a družstvá poľnohospodárske 
100 1 |a Grznár, Miroslav